Fitting models to biological data using linear and nonlinear regression : a practical guide to curve fitting
Αποθηκεύτηκε σε:
| Κύριος συγγραφέας: | |
|---|---|
| Άλλοι συγγραφείς: | |
| Μορφή: | Βιβλίο |
| Γλώσσα: | English |
| Δημοσίευση: |
Oxford :
Oxford University Press,
2004
|
| Θέματα: | |
| Ετικέτες: |
Προσθήκη ετικέτας
Δεν υπάρχουν, Καταχωρήστε ετικέτα πρώτοι!
|
MARC
| LEADER | 00000nam a2200000 i 4500 | ||
|---|---|---|---|
| 001 | 1/80350 | ||
| 008 | 080403s2004 eng d | ||
| 020 | |a 978-0-19-517180-8 | ||
| 020 | |a 0-19-517180-2 | ||
| 035 | |l 10096191 | ||
| 040 | |a GR-MY-UA |b gre |e aacr | ||
| 041 | 0 | |a eng | |
| 082 | 0 | |a 570.15118 |2 (22) | |
| 100 | 1 | |a Motulsky, Harvey. | |
| 245 | 1 | 0 | |a Fitting models to biological data using linear and nonlinear regression : |b a practical guide to curve fitting / |c Harvey Motulsky, Arthur Christopoulos |
| 260 | |a Oxford : |b Oxford University Press, |c 2004 | ||
| 300 | |a 351 σ.; |b σχ., πίν., διάγρ.; |c 25 εκ. | ||
| 650 | 0 | 0 | |a Biology |x Mathematical models. |
| 650 | 0 | 0 | |a Regression analysis. |
| 650 | 0 | 0 | |a Nonlinear theories. |
| 650 | 0 | 0 | |a Curve fitting. |
| 650 | 0 | 0 | |a Biological models. |
| 700 | 1 | |a Christopoulos, Arthur. | |
| 852 | |a INST |b LESVOS |e 20080403 |h 570.15118 MOT |p 005100042421 |q 005100042421 |t BK |y 0 | ||
| 901 | |a BIBL1-2008-1 | ||
| 909 | |a Λ |b 143295 | ||
| 922 | |a 1ΕΛΗ |b 2000712 |c ΕΠΕΑΕΚ2/ΤΕΘ |d ΠΑΠΑΣΩΤΗΡΙΟΥ | ||
| 970 | |a ΧΑΤΖΗΜΙΧΑΗΛ |b ΜΑΡΙΑ |z 2008/04/03 | ||